Vzestup nová zasvěcení : duchovní hierarchie Země
| Main Authors: | , |
|---|---|
| Other Authors: | , , |
| Format: | Book |
| Language: | Czech German Slovak |
| PhysicalDescription: | 237 strán 24 cm |
| Published: |
Bratislava
Eko-konzult
2002
|
| ISBN: | 8089044271 |
| Edition: | 1. vyd. |
| Subjects: |
MARC
| LEADER | 00000cam a2200000 a 4500 | ||
|---|---|---|---|
| 001 | vtls001446776 | ||
| 003 | SK-MaSNL | ||
| 005 | 20260301073629.0 | ||
| 008 | 240226s2002 xo grn 000 0 cze | ||
| 015 | |a SNBA2003/12-04668 | ||
| 020 | |a 8089044271 |q (brožované) | ||
| 035 | |a SNK000402029 | ||
| 035 | |a urn:nbn:sk:snk-am3j0hh | ||
| 035 | |a D62F7CBD-1555-4AB0-9117-DC3603C281B7 | ||
| 035 | |a urn:nbn:sk:snk-am00ggbg | ||
| 040 | |a SNK |b slo |c SNK |e AACR2 | ||
| 041 | 1 | |a cze |h ger |h slo | |
| 044 | |a xo |c SK | ||
| 072 | 7 | |a 133 |x Ezoterizmus. Okultizmus |2 konspekt | |
| 080 | |a 16=162.4 |2 1997 | ||
| 080 | |a 165.322 |2 2011 | ||
| 080 | |a 523.31 |2 2011 | ||
| 080 | |a 133 |2 2011 | ||
| 080 | |a 24 |2 2001 | ||
| 080 | |a 24-36 |2 2001 | ||
| 080 | |a (0.062) |2 2011 | ||
| 100 | 1 | |a Danrich, Karen |4 aut |9 395003 | |
| 245 | 1 | 0 | |a Vzestup |b nová zasvěcení : duchovní hierarchie Země |c Karen Danrich, Thomas Weber ; [překlad z originálu: Igor Belai, Vratislav Kašpárek ; překlad části textu ze slovenštiny: Michaela Kubíková] |
| 250 | |a 1. vyd. | ||
| 260 | |a Bratislava |b Eko-konzult |c 2002 | ||
| 300 | |a 237 strán |c 24 cm | ||
| 500 | |a Preložené z nemčiny a zo slovenčiny | ||
| 504 | |a Bibliografia na strane 232 | ||
| 650 | 0 | 7 | |a duchovné poznanie |2 SNKPH |9 3767 |
| 650 | 0 | 7 | |a kundaliní |2 SNKPH |9 67074 |
| 650 | 0 | 7 | |a okultizmus |2 konspekt |9 2078 |
| 650 | 0 | 7 | |a budhizmus |2 SNKPH |9 1819 |
| 650 | 0 | 7 | |a bódhisattvovia |2 SNKPH |9 133251 |
| 651 | 7 | |a Zem (planéta) |2 SNKPH |9 75616 | |
| 655 | 7 | |a populárno-náučné publikácie |2 SNKPH |9 70460 | |
| 700 | 1 | |a Weber, Thomas |4 aut |9 369069 | |
| 700 | 1 | |a Belai, Igor |4 trl |9 10489 | |
| 700 | 1 | |a Kašpárek, Vratislav |4 trl |9 395004 | |
| 700 | 1 | |a Kubíková, Michaela |4 trl |9 300372 | |
| 919 | |a 80-89044-27-1 | ||
| 958 | |a OP | ||
| 958 | |a NB | ||
| 958 | |a CZ | ||
| 958 | |a TL | ||
| 968 | |a Čes |b SLO |c DT | ||
| 999 | |c 644751 |d 646681 | ||
| 952 | |t P60, <03>, [BOOK], {603} |a SNK |b SNK |y PREZ |7 0 |p 17A0368795 |o snkSC 110278 |i snkKSP 110/2003 |0 0 |1 0 |4 0 |d 2003-01-09 |f 1 |l 0 |r 2025-09-30 00:00:00 |w 2026-02-23 | ||
| 952 | |t P60, <04>, [BOOK], {604} |a SNK |b SNK |y VYP |7 0 |p 17A0391180 |o snkSC 110278 D1 |i snkKSP 8397/2003 |0 0 |1 0 |4 0 |d 2003-07-14 |l 0 |r 2005-01-02 00:00:00 |w 2026-02-23 | ||


